Norfolk Places - Sudden Death - Statistics

General Stats
  • This quiz has been taken 71 times
  • The average score is 13 of 16
Answers on the Grid
Answers color-coded by a green-red scale on the quiz's grid according to % correct below.
Attleborough
Aylsham
Barnstaple
Basingstoke
Brackley
Bradford
Caister-on-Sea
Chippenham
Cromer
Darlington
Dereham
Diss
Downham Market
Durham
Fakenham
Falmouth
Great Yarmouth
Hunstanton
Kettering
King's Lynn
Lytham St Annes
North Walsham
Oswestry
Scunthorpe
Sheringham
Skegness
Skipton
Swanage
Thetford
Wells-next-the-Sea
Wolverhampton
Wymondham
 
Answer Stats
Answer % Correct
King's Lynn
91%
Great Yarmouth
90%
Dereham
84%
Downham Market
84%
Hunstanton
84%
Cromer
83%
Fakenham
79%
Wells-next-the-Sea
79%
Sheringham
78%
Thetford
78%
Diss
76%
North Walsham
76%
Wymondham
76%
Aylsham
72%
Attleborough
69%
Caister-on-Sea
62%
No matching quizzes found
Score Distribution
Percent of People with Each Score
Percentile by Number Answered
Your Score History
You have not taken this quiz